| 000 | 00923nam a22003017a 4500 | ||
|---|---|---|---|
| 001 | 5886 | ||
| 003 | FISKH | ||
| 005 | 20250602121156.0 | ||
| 008 | 250130b cb ||||| |||| 00| 0 eng d | ||
| 020 | _a0439216478 | ||
| 040 |
_aFISKH _beng _cFISKH _dFISKH |
||
| 050 | _aPZ8.W67927 L | ||
| 082 | _a829.1 | ||
| 100 |
_aWilliams, Sue _d(1948–) |
||
| 245 |
_aLet's go visiting / _cWritten by Sue Williams Illustrated by Julie Vivas |
||
| 250 | _aFirst printing in 2000 | ||
| 260 |
_aNew York : _bScholastic, _c1998. |
||
| 300 |
_a30 pages : _bcolor illustrations ; _c23 cm |
||
| 505 | _aE | ||
| 520 | _aA counting story in which a boy visits his farmyard friends, from one brown foal to six yellow puppies. | ||
| 521 | 8 |
_a190
_bLexile |
|
| 521 | 8 |
_aE
_bRaz-Plus |
|
| 650 |
_2Counting _aAnimals |
||
| 650 |
_2Big book _aColors |
||
| 700 |
_aVivas, Julie _dillustrator |
||
| 942 |
_2ddc _cBK _n0 |
||
| 999 |
_c5886 _d5886 |
||